[Event "Porto Mannu Open 2009"]
[Site "Palau"]
[Date "2009.05.18"]
[Round "3.7"]
[White "Cori, J. (FM)."]
[Black "Marin, M. (GM)."]
[Result "1/2-1/2"]
[WhiteElo "2418"]
[BlackElo "2564"]
[PlyCount "143"]
[EventDate "2009.05.16"]

1. e4 e5 2. Nf3 Nc6 3. Bb5 a6 4. Ba4 Nf6 5. O-O Be7 6. Re1 b5 7. Bb3 d6 8. c3
O-O 9. h3 h6 10. d4 Re8 11. a4 Bd7 12. Nbd2 Bf8 13. dxe5 Nxe5 14. Nxe5 dxe5 15.
Nf1 c5 16. Bc2 Bc6 17. Qxd8 Rexd8 18. f3 c4 19. Be3 Nd7 20. Red1 Rdb8 21. axb5
axb5 22. b4 cxb3 23. Bxb3 Nc5 24. Rxa8 Bxa8 25. Ba2 Bc6 26. Bd5 Be8 27. Ng3 g6
28. Ne2 Rc8 29. Rb1 Na4 30. Bd2 Nb6 31. Bb3 Nc4 32. Bxc4 Rxc4 33. Kf2 h5 34.
Bg5 Bc5+ 35. Be3 Be7 36. Rb2 h4 37. Ke1 Ra4 38. Kd1 Ra1+ 39. Bc1 Bc6 40. Kc2 f5
41. exf5 gxf5 42. Rb1 Ra4 43. Be3 Kf7 44. Bf2 f4 45. Bb6 Bd7 46. Kd2 Ra2+ 47.
Ke1 Be6 48. Nc1 Rxg2 49. Rxb5 Bf6 50. Nd3 Bxh3 51. Nxe5+ Bxe5 52. Rxe5 Be6 53.
Re4 h3 54. Rxf4+ Kg6 55. Kf1 Bf5 56. Rd4 Rb2 57. Bc7 h2 58. Rh4 Bd3+ 59. Ke1
h1=Q+ 60. Rxh1 Rb1+ 61. Kd2 Rxh1 62. Kxd3 Kf5 63. f4 Ke6 64. Kc4 Kd7 65. Be5
Kc6 66. Kd4 Rd1+ 67. Ke4 Re1+ 68. Kf5 Kd5 69. Bd4 Rf1 70. Be5 Re1 71. Kf6 Rf1
72. Kf5 1/2-1/2

[Event "Porto Mannu Open 2009"]
[Site "Palau"]
[Date "2009.05.18"]
[Round "3.8"]
[White "D'Amore, C. (IM)."]
[Black "Antkowiak, G."]
[Result "1-0"]
[WhiteElo "2483"]
[BlackElo "2197"]
[PlyCount "105"]
[EventDate "2009.05.16"]

1. e4 c5 2. Nf3 e6 3. d3 Nc6 4. g3 g6 5. Bg5 f6 6. Be3 d6 7. Bg2 Bg7 8. d4 cxd4
9. Nxd4 Nge7 10. Nc3 a6 11. O-O O-O 12. Qe2 Nxd4 13. Bxd4 Nc6 14. Be3 Rb8 15.
Rad1 Qc7 16. f4 f5 17. exf5 gxf5 18. g4 fxg4 19. Qxg4 d5 20. f5 d4 21. Bxd4
Nxd4 22. f6 e5 23. Bd5+ Kh8 24. fxg7+ Qxg7 25. Qxg7+ Kxg7 26. Rxf8 Kxf8 27.
Rf1+ Ke7 28. Rf7+ Kd6 29. Rf8 Nxc2 30. Be4 Nd4 31. Bxh7 b5 32. Be4 b4 33. Nd5
Nc6 34. h4 Bg4 35. Rxb8 Nxb8 36. Nxb4 Kc5 37. Nc2 Nd7 38. Kf2 Nf6 39. Ke3 Bh5
40. Bf5 Bf7 41. b3 Nd5+ 42. Kd2 Nb4 43. Nxb4 Kxb4 44. Bd3 a5 45. Bc4 Bg6 46. a4
Bh5 47. Ke3 Bg6 48. Bd3 Bh5 49. Be2 Bg6 50. Bd1 Kc3 51. h5 Bf5 52. h6 Bh7 53.
Bf3 1-0

[Event "Porto Mannu Open 2009"]
[Site "Palau"]
[Date "2009.05.19"]
[Round "4.2"]
[White "Hillarp Persson, Tiger"]
[Black "Lemos, Damian"]
[Result "1/2-1/2"]
[WhiteElo "2618"]
[BlackElo "2512"]
[PlyCount "60"]
[EventDate "2009.05.16"]
[EventCountry "ITA"]

1. d4 d5 2. c4 c6 3. Nf3 Nf6 4. Nc3 a6 5. cxd5 cxd5 6. Bf4 Nc6 7. Rc1 e6 8. e3
Be7 9. Bd3 O-O 10. O-O Bd7 11. a3 Rc8 12. Ne5 Be8 13. Qf3 Nd7 14. Nxc6 Rxc6 15.
e4 dxe4 16. Bxe4 Nf6 17. Bxc6 Bxc6 18. Qd3 Nd5 19. Be3 Nxc3 20. Qxc3 Qd5 21. f3
Rd8 22. Rfd1 Bd6 23. Qd2 h6 24. Bf4 Be7 25. Qf2 Bf6 26. Qg3 Qb3 27. Be5 Bxe5
28. Qxe5 Qxb2 29. Qe3 Qb6 30. Rc5 Qxc5 1/2-1/2

[Event "Porto Mannu Open 2009"]
[Site "Palau"]
[Date "2009.05.19"]
[Round "4.3"]
[White "Korneev, Oleg"]
[Black "D'Amore, Carlo"]
[Result "1/2-1/2"]
[WhiteElo "2587"]
[BlackElo "2483"]
[PlyCount "77"]
[EventDate "2009.05.16"]
[EventCountry "ITA"]

1. e4 e5 2. Nf3 Nc6 3. Bb5 Nf6 4. O-O Nxe4 5. d4 Nd6 6. Bxc6 dxc6 7. dxe5 Nf5
8. Qxd8+ Kxd8 9. Nc3 Ne7 10. h3 h6 11. Ne4 Ng6 12. b3 Ke8 13. Bb2 a5 14. a4 Bf5
15. Rfe1 c5 16. Rad1 Rd8 17. Rxd8+ Kxd8 18. Bc1 Be7 19. g4 Be6 20. c4 h5 21.
Neg5 Nf8 22. Kg2 Ke8 23. Nxe6 Nxe6 24. Be3 b6 25. Nd2 hxg4 26. hxg4 Bg5 27.
Bxg5 Nxg5 28. Rh1 Rxh1 29. Kxh1 Ne6 30. Kg2 Nd4 31. f4 Ke7 32. Kf2 Ke6 33. Ke3
g6 34. Ke4 c6 35. Ke3 Ke7 36. Kd3 Kd7 37. Ke3 Ke7 38. Kd3 Kd7 39. Ke4 1/2-1/2

[Event "Porto Mannu Open 2009"]
[Site "Palau"]
[Date "2009.05.19"]
[Round "4.4"]
[White "Conquest, Stuart"]
[Black "Vocaturo, Daniele"]
[Result "1/2-1/2"]
[WhiteElo "2549"]
[BlackElo "2480"]
[PlyCount "69"]
[EventDate "2009.05.16"]
[EventCountry "ITA"]

1. c4 g6 2. g3 Bg7 3. Bg2 d6 4. Nc3 e5 5. d3 f5 6. b4 Nf6 7. Bb2 O-O 8. Nf3 c6
9. O-O h6 10. c5 Re8 11. cxd6 Qxd6 12. b5 e4 13. Nd2 exd3 14. Nc4 Qb4 15. Qb3
Qxb3 16. axb3 dxe2 17. Rfe1 Nbd7 18. bxc6 bxc6 19. Rxe2 Rb8 20. Nd6 Rd8 21.
Rxa7 Bf8 22. Nc4 Bc5 23. Rc7 Rxb3 24. Na5 Rxb2 25. Rxb2 Bb6 26. Rxb6 Nxb6 27.
Rxc6 Nbd7 28. Rd6 Re8 29. h3 Kg7 30. Nc4 Re1+ 31. Bf1 Rc1 32. Na2 Ra1 33. Nc3
Rc1 34. Na2 Ra1 35. Nc3 1/2-1/2

[Event "Porto Mannu Open 2009"]
[Site "Palau"]
[Date "2009.05.19"]
[Round "4.5"]
[White "Paglietti, Nicola"]
[Black "Malakhatko, Vadim"]
[Result "0-1"]
[WhiteElo "2269"]
[BlackElo "2618"]
[PlyCount "80"]
[EventDate "2009.05.16"]
[EventCountry "ITA"]

1. d4 Nf6 2. Nf3 e6 3. g3 b5 4. Bg2 Bb7 5. O-O c5 6. b3 cxd4 7. Bb2 Be7 8. Nxd4
Bxg2 9. Kxg2 Qb6 10. a4 b4 11. c4 bxc3 12. Nxc3 Qb7+ 13. Kg1 d5 14. Qd3 a6 15.
Na2 Nbd7 16. b4 Ne5 17. Qb3 Nc4 18. Rad1 Ne4 19. Bc1 O-O 20. b5 axb5 21. axb5
Rfc8 22. f3 Nc5 23. Qb1 Bf6 24. e3 Na4 25. Qb4 Qb6 26. Rf2 Rc5 27. f4 Bxd4 28.
exd4 Rxb5 29. Qe1 Nd6 30. Ba3 Ne4 31. Rf3 h6 32. Rfd3 Nb2 33. Bxb2 Rxa2 34. Bc3
Rb3 35. Ba1 Qb5 36. Re3 Rxe3 37. Qxe3 Qa4 38. Qc1 Qb3 39. Rf1 Rc2 40. Qe1 Qa2
0-1

[Event "Porto Mannu Open 2009"]
[Site "Palau"]
[Date "2009.05.19"]
[Round "4.7"]
[White "Marin, Mihail"]
[Black "Zozulia, Anna"]
[Result "1-0"]
[WhiteElo "2564"]
[BlackElo "2371"]
[PlyCount "79"]
[EventDate "2009.05.16"]
[EventCountry "ITA"]

1. c4 e5 2. g3 Nc6 3. Nc3 Nf6 4. Bg2 Bc5 5. Nf3 d6 6. d3 h6 7. O-O a6 8. a3 O-O
9. b4 Ba7 10. Bb2 Be6 11. Rc1 Qd7 12. e3 Rfe8 13. Re1 Rab8 14. Qc2 Ne7 15. c5
Nc6 16. d4 exd4 17. exd4 Bg4 18. Ne4 Rxe4 19. Rxe4 Bf5 20. Nh4 Bxe4 21. Bxe4
Nxe4 22. Qxe4 d5 23. Qf5 Qxf5 24. Nxf5 Re8 25. Bc3 Bb8 26. Ne3 Re4 27. Kg2 Ne7
28. a4 c6 29. b5 cxb5 30. axb5 axb5 31. Rb1 Nc6 32. Rxb5 Re7 33. Nxd5 Rd7 34.
Nb6 Rd8 35. d5 Ne5 36. Bxe5 Bxe5 37. d6 Bd4 38. Na4 Rd7 39. Rb4 Bf6 40. Nb6 1-0

[Event "Porto Mannu Open 2009"]
[Site "Palau"]
[Date "2009.05.19"]
[Round "4.8"]
[White "Gretarsson, Hjorvar Stein"]
[Black "Pelletier, Yannick"]
[Result "0-1"]
[WhiteElo "2287"]
[BlackElo "2559"]
[PlyCount "96"]
[EventDate "2009.05.16"]
[EventCountry "ITA"]

1. d4 Nf6 2. c4 e6 3. Nf3 c5 4. d5 exd5 5. cxd5 d6 6. Nc3 g6 7. h3 Bg7 8. e4 a6
9. a4 Nbd7 10. Bd3 Nh5 11. Bg5 Bf6 12. Bh6 Ne5 13. Nxe5 Bxe5 14. Qd2 Ng7 15. g3
f5 16. f4 Bf6 17. O-O O-O 18. Kh2 Qd7 19. exf5 gxf5 20. Rae1 Qf7 21. Qe2 Qg6
22. Bg5 Bxg5 23. fxg5 Qxg5 24. Qe7 Qd2+ 25. Qe2 Qxe2+ 26. Rxe2 Bd7 27. Re7 Rad8
28. g4 Rfe8 29. Rxe8+ Rxe8 30. gxf5 Re3 31. Bb1 Nh5 32. f6 Rxh3+ 33. Kg2 Rg3+
34. Kh2 Rh3+ 35. Kg2 Rh4 36. Rf3 Rf4 37. Rxf4 Nxf4+ 38. Kf3 Nh5 39. Ne4 Bf5 40.
f7+ Kf8 41. Nxc5 Bxb1 42. Nxb7 Bc2 43. a5 Nf6 44. Nxd6 Nxd5 45. Kg4 Bg6 46. Kf3
Ke7 47. Nc4 Kxf7 48. Nb6 Ke6 0-1

[Event "Porto Mannu Open 2009"]
[Site "Palau"]
[Date "2009.05.19"]
[Round "4.9"]
[White "Cmilyte, Viktorija"]
[Black "Slavin, Alexei"]
[Result "1-0"]
[WhiteElo "2498"]
[BlackElo "2308"]
[PlyCount "61"]
[EventDate "2009.05.16"]
[EventCountry "ITA"]

1. d4 Nf6 2. c4 e5 3. dxe5 Ng4 4. Bf4 g5 5. Bg3 Bg7 6. Nf3 Nc6 7. h4 Ngxe5 8.
Nxe5 Nxe5 9. Nc3 Nxc4 10. e3 Nxb2 11. Qc2 Na4 12. Nd5 d6 13. Qxa4+ c6 14. Rc1
O-O 15. Nc3 b5 16. Qc2 b4 17. Ne4 Qa5 18. Nd2 Be6 19. hxg5 Rfd8 20. Bc4 d5 21.
Nb3 Qb6 22. Rxh7 Kf8 23. Bd3 a5 24. Nc5 a4 25. Nxe6+ fxe6 26. Rh4 Ra7 27. Rf4+
Rf7 28. Rxf7+ Kxf7 29. Be5 Rg8 30. Bg6+ Ke7 31. Bxg7 1-0

[Event "Porto Mannu Open 2009"]
[Site "Palau"]
[Date "2009.05.19"]
[Round "4.10"]
[White "Lapicki, Raul"]
[Black "Grandelius, Nils"]
[Result "0-1"]
[WhiteElo "2254"]
[BlackElo "2491"]
[PlyCount "138"]
[EventDate "2009.05.16"]
[EventCountry "ITA"]

1. e4 c5 2. Nf3 d6 3. d4 cxd4 4. Nxd4 Nf6 5. Nc3 a6 6. Be2 e6 7. a4 Nc6 8. O-O
Be7 9. Be3 O-O 10. f4 Qc7 11. Nb3 b6 12. Qe1 Bb7 13. Bf3 Rab8 14. Qg3 Nd7 15.
Rad1 Bf6 16. Rd3 Nc5 17. Nxc5 bxc5 18. Rfd1 Nd4 19. Qf2 Ba8 20. b3 Rfc8 21. Bg4
Nc6 22. Na2 Rd8 23. Kh1 c4 24. bxc4 Rb2 25. Bf3 Rxa2 26. Bb6 Qc8 27. Bxd8 Bxd8
28. c5 d5 29. exd5 Nb4 30. R3d2 exd5 31. c4 Rxd2 32. Qxd2 Qxc5 33. cxd5 g6 34.
Rc1 Qd6 35. Rc8 Bxd5 36. Bxd5 Nxd5 37. Rc1 Bc7 38. g3 Qa3 39. Rxc7 Nxc7 40.
Qd8+ Kg7 41. Qxc7 Qxa4 42. Qe5+ Kg8 43. Qb8+ Kg7 44. Qe5+ Kf8 45. Qd6+ Ke8 46.
Qe5+ Kd8 47. Qd5+ Ke7 48. Qe5+ Kd8 49. Qd6+ Kc8 50. Qc5+ Kb8 51. Qb6+ Kc8 52.
Qc5+ Kb7 53. Qe7+ Kb6 54. Qxf7 Qc6+ 55. Kg1 a5 56. g4 Qc1+ 57. Kf2 a4 58. Kg3
a3 59. Qxh7 Qc3+ 60. Kf2 a2 61. Qxg6+ Kc5 62. Qe8 Kb4 63. Qb8+ Ka3 64. Qf8+ Kb2
65. Qb8+ Kc1 66. Qa7 a1=Q 67. Qxa1+ Qxa1 68. Kf3 Kd2 69. Ke4 Qa4+ 0-1

[Event "Porto Mannu Open 2009"]
[Site "Palau"]
[Date "2009.05.19"]
[Round "4.11"]
[White "Naumkin, Igor"]
[Black "Stromboli, Carlo"]
[Result "1-0"]
[WhiteElo "2488"]
[BlackElo "2283"]
[PlyCount "63"]
[EventDate "2009.05.16"]
[EventCountry "ITA"]

1. d4 Nf6 2. c4 d6 3. Nc3 Nbd7 4. e4 c6 5. Nf3 e5 6. Be2 Be7 7. O-O O-O 8. d5
a6 9. h3 cxd5 10. cxd5 b5 11. b4 Nb6 12. Be3 Bb7 13. Nd2 Rc8 14. Qb3 Nfd7 15.
a4 Qc7 16. Ra3 bxa4 17. Nxa4 f5 18. Nxb6 Nxb6 19. Bxa6 Bxa6 20. Rxa6 Nc4 21.
Rc6 Nxd2 22. Bxd2 Qd7 23. b5 fxe4 24. b6 Rb8 25. Be3 Rb7 26. Qc4 Qf5 27. Rc7
Rfb8 28. Qc6 Rxc7 29. Qxc7 Qf8 30. b7 Re8 31. Rb1 Bd8 32. Qc6 1-0

[Event "Porto Mannu Open 2009"]
[Site "Palau"]
[Date "2009.05.19"]
[Round "4.12"]
[White "Drei, Andrea"]
[Black "Thorfinnsson, Bjorn"]
[Result "1-0"]
[WhiteElo "2278"]
[BlackElo "2422"]
[PlyCount "87"]
[EventDate "2009.05.16"]
[EventCountry "ITA"]

1. e4 e5 2. Nc3 Nc6 3. Nf3 Nf6 4. Bb5 Nd4 5. Nxe5 Nxb5 6. Nxb5 a6 7. Nc3 Qe7 8.
d4 d6 9. Nf3 Nxe4 10. Nd5 Qd8 11. Qe2 f5 12. Bg5 Qd7 13. Nd2 Kf7 14. Nxe4 fxe4
15. Qxe4 h6 16. Bh4 Qf5 17. Qxf5+ Bxf5 18. Nxc7 Rc8 19. Nd5 Bxc2 20. Rc1 Bf5
21. Kd2 Rc6 22. Ne3 Bd7 23. d5 Rc5 24. b4 Rb5 25. Rc7 Ke8 26. Rb1 a5 27. a4
Rxb4 28. Rxb4 axb4 29. a5 g5 30. Bg3 Bg7 31. Rxb7 Bc3+ 32. Kd3 Bc8 33. Rb6 Rh7
34. Bxd6 Ra7 35. Bxb4 Bxb4 36. Rxb4 Rxa5 37. Kd4 Ra2 38. Rc4 Kd8 39. Rc2 Ra1
40. h3 Ra4+ 41. Ke5 Rf4 42. g3 Ra4 43. Rc6 Ra2 44. Rxh6 1-0

[Event "Porto Mannu Open 2009"]
[Site "Palau"]
[Date "2009.05.19"]
[Round "4.13"]
[White "Hein, Erwin"]
[Black "Cori Tello, Jorge"]
[Result "0-1"]
[WhiteElo "2180"]
[BlackElo "2418"]
[PlyCount "58"]
[EventDate "2009.05.16"]
[EventCountry "ITA"]

1. Nf3 Nf6 2. d4 g6 3. c4 Bg7 4. Nc3 O-O 5. g3 d6 6. Bg2 Nbd7 7. O-O e5 8. e4
exd4 9. Nxd4 Re8 10. Re1 a6 11. b3 Rb8 12. Bb2 Nf8 13. Qd2 Ne6 14. Nxe6 Bxe6
15. Rad1 Nd7 16. h3 b5 17. cxb5 axb5 18. Nd5 Bxd5 19. exd5 Rxe1+ 20. Rxe1 Bxb2
21. Qxb2 b4 22. Qd2 Nc5 23. Rc1 Qf6 24. Rc4 Qa1+ 25. Rc1 Qf6 26. Rc4 Ra8 27.
Kh2 Qa1 28. Rc1 Qxa2 29. Qxb4 Nd3 0-1

[Event "Porto Mannu Open 2009"]
[Site "Palau"]
[Date "2009.05.19"]
[Round "4.14"]
[White "Chapman, Terence"]
[Black "Loeffler, Stefan"]
[Result "1/2-1/2"]
[WhiteElo "2232"]
[BlackElo "2412"]
[PlyCount "80"]
[EventDate "2009.05.16"]
[EventCountry "ITA"]

1. Nf3 d5 2. c4 d4 3. e3 Nc6 4. exd4 Nxd4 5. Nxd4 Qxd4 6. Nc3 Nh6 7. h3 Nf5 8.
d3 g6 9. g4 Qe5+ 10. Qe2 Qxe2+ 11. Bxe2 Nd4 12. Nd5 Kd7 13. Bf4 Bg7 14. Bd1 c6
15. Nc3 b6 16. Kd2 f5 17. Re1 Rf8 18. gxf5 gxf5 19. Rg1 Ne6 20. Bh2 Bh6+ 21.
Ke1 Bb7 22. Kf1 Rg8 23. Bf3 Nd4 24. Rxg8 Rxg8 25. Bg2 f4 26. Be4 Bc8 27. Ne2
Nxe2 28. Kxe2 Kd6 29. Kf3 e5 30. Rg1 Rxg1 31. Bxg1 Bxh3 32. Bxh7 b5 33. Ke4 Bf1
34. c5+ Kxc5 35. f3+ Kd6 36. Bxa7 c5 37. Bb8+ Ke6 38. Bxe5 Bxd3+ 39. Kxd3 Kxe5
40. b3 Bg7 1/2-1/2

[Event "Porto Mannu Open 2009"]
[Site "Palau"]
[Date "2009.05.19"]
[Round "4.15"]
[White "Piscopo, Pierluigi"]
[Black "Cori Tello, Deysi Estella"]
[Result "0-1"]
[WhiteElo "2405"]
[BlackElo "2262"]
[PlyCount "130"]
[EventDate "2009.05.16"]
[EventCountry "ITA"]

1. e4 e6 2. Qe2 c5 3. Nf3 Nc6 4. g3 g6 5. Bg2 Bg7 6. O-O Nge7 7. c3 d6 8. d4
cxd4 9. cxd4 Nxd4 10. Nxd4 Bxd4 11. Rd1 Nc6 12. Nc3 a6 13. Bh6 f6 14. Qc4 Qb6
15. Rd2 Qc5 16. Qe2 Bd7 17. Rad1 Kf7 18. Kh1 Rad8 19. Rd3 b5 20. e5 Bxc3 21.
Rxc3 Qxe5 22. Qd2 d5 23. Bf4 Qf5 24. Rf3 h6 25. Bc7 Qg5 26. Qxg5 hxg5 27. Bxd8
Rxd8 28. Rc3 Ke7 29. Kg1 Kd6 30. h4 gxh4 31. gxh4 Rh8 32. Rg3 Ne7 33. Ra3 Bc8
34. Rc3 Rxh4 35. Rdc1 Rc4 36. Rxc4 bxc4 37. b3 cxb3 38. axb3 Nc6 39. Bf1 Bb7
40. Ra1 Nd4 41. b4 Nc2 42. Rb1 g5 43. Rb3 f5 44. Bd3 Ne1 45. Be2 g4 46. Rb2 d4
47. Kf1 Nf3 48. Ra2 e5 49. Bxa6 Bd5 50. Rb2 e4 51. Be2 Ne5 52. b5 d3 53. b6
dxe2+ 54. Kxe2 Bb7 55. Rc2 f4 56. Rc7 Ba6+ 57. Kd1 g3 58. fxg3 f3 59. Kd2 f2
60. Rc1 f1=Q 61. Rxf1 Bxf1 62. Ke3 Kd5 63. b7 Nc6 64. g4 Bh3 65. g5 Bf5 0-1

[Event "Porto Mannu Open 2009"]
[Site "Palau"]
[Date "2009.05.19"]
[Round "4.16"]
[White "Bitalzadeh, Ali"]
[Black "Bernardi, Ruben"]
[Result "1-0"]
[WhiteElo "2417"]
[BlackElo "2143"]
[PlyCount "55"]
[EventDate "2009.05.16"]
[EventCountry "ITA"]

1. e4 c5 2. Nf3 Nc6 3. d4 cxd4 4. Nxd4 e5 5. Nb5 d6 6. N1c3 a6 7. Na3 Nf6 8.
Bg5 b5 9. Nd5 Qa5+ 10. Bd2 Qd8 11. c4 b4 12. Nc2 Nxe4 13. Ncxb4 Bd7 14. Bd3
Nxd2 15. Qxd2 Nxb4 16. Qxb4 Rb8 17. Qa3 f5 18. O-O Be7 19. c5 dxc5 20. Bc4 Bb5
21. Qc3 Bxc4 22. Qxc4 Qc8 23. Rad1 Bf6 24. Rd2 Rf8 25. Rfd1 Rf7 26. Nxf6+ gxf6
27. Rd5 Re7 28. Rd8+ 1-0

[Event "Porto Mannu Open 2009"]
[Site "Palau"]
[Date "2009.05.19"]
[Round "4.17"]
[White "Ambrosanio, Raffaele"]
[Black "Collutiis, Duilio"]
[Result "0-1"]
[WhiteElo "1957"]
[BlackElo "2451"]
[PlyCount "44"]
[EventDate "2009.05.16"]
[EventCountry "ITA"]

1. c4 d6 2. Nc3 e5 3. g3 Be6 4. d4 exd4 5. Qxd4 Nc6 6. Qe3 Nb4 7. Qe4 Nf6 8.
Qb1 Bxc4 9. Bg2 Qe7 10. Kf1 c6 11. b3 Be6 12. Ba3 d5 13. Nf3 Qd7 14. Nd4 Bc5
15. Nc2 Nxc2 16. Bxc5 Nxa1 17. Qxa1 d4 18. Ne4 Nxe4 19. Bxe4 Bh3+ 20. Ke1 O-O-O
21. Bxa7 Rhe8 22. Bd3 Qd5 0-1

[Event "Porto Mannu Open 2009"]
[Site "Palau"]
[Date "2009.05.19"]
[Round "4.18"]
[White "Turchetta, Gianluca"]
[Black "Friedrich, Norbert"]
[Result "0-1"]
[WhiteElo "1957"]
[BlackElo "2350"]
[PlyCount "48"]
[EventDate "2009.05.16"]
[EventCountry "ITA"]

1. e4 c5 2. Nf3 e6 3. d4 cxd4 4. Nxd4 a6 5. Bd3 Nf6 6. O-O d6 7. Be3 Nbd7 8.
Nc3 b5 9. a3 Bb7 10. Nb3 Be7 11. f4 Rc8 12. Rc1 O-O 13. g4 Rxc3 14. bxc3 Nxe4
15. Bxe4 Bxe4 16. Qd4 Ba8 17. Kf2 e5 18. Qd2 Nf6 19. Ke2 Qc8 20. g5 Ne4 21. Qd3
Qg4+ 22. Ke1 Rc8 23. Bd2 Qh4+ 24. Kd1 Nf2+ 0-1

[Event "Porto Mannu Open 2009"]
[Site "Palau"]
[Date "2009.05.19"]
[Round "4.19"]
[White "Gohil, Harry"]
[Black "Vallbona Domingo, J."]
[Result "0-1"]
[WhiteElo "2334"]
[BlackElo "1993"]
[PlyCount "74"]
[EventDate "2009.05.16"]
[EventCountry "ITA"]

1. d4 Nf6 2. Bg5 e6 3. e4 h6 4. Bxf6 Qxf6 5. Nc3 Bb4 6. Qd3 d6 7. O-O-O O-O 8.
g3 c5 9. Nb5 Nc6 10. c3 Ba5 11. f4 cxd4 12. Nxd4 Nxd4 13. cxd4 e5 14. f5 Bd7
15. Nf3 Ba4 16. b3 Rfc8+ 17. Kb1 Rc3 18. Qe2 Bc6 19. d5 Bd7 20. g4 Rac8 21. Bg2
Qd8 22. Qb2 Qb6 23. Nd2 Bb5 24. Nc4 Bxc4 25. bxc4 R8xc4 26. Qxb6 Bxb6 27. Rd2
Bd4 28. Rb2 Re3 29. Rd2 Rb4+ 30. Kc2 Rc3+ 31. Kd1 Rb1+ 32. Ke2 Re3+ 33. Kf2
Ree1+ 34. Rxd4 Rxh1 35. Ra4 Rbc1 36. Rxa7 Rc2+ 37. Kf3 Rc3+ 0-1

[Event "Porto Mannu Open 2009"]
[Site "Palau"]
[Date "2009.05.19"]
[Round "4.20"]
[White "Glienke, Manfred"]
[Black "Caglio, Luigi"]
[Result "1-0"]
[WhiteElo "2318"]
[BlackElo "1961"]
[PlyCount "45"]
[EventDate "2009.05.16"]
[EventCountry "ITA"]

1. e4 e5 2. Nf3 Nc6 3. d4 exd4 4. Nxd4 Bc5 5. Nxc6 Qf6 6. Qf3 dxc6 7. Bc4 Qg6
8. Nd2 Nf6 9. O-O Bg4 10. Qc3 O-O 11. e5 Nd7 12. Kh1 Rfe8 13. f4 Bb6 14. Nf3
Nc5 15. Ng5 Ne4 16. Nxe4 Qxe4 17. Bd3 Qd4 18. Qe1 Be6 19. Bd2 Qxb2 20. a4 Qd4
21. a5 Bc5 22. Bc3 Qe3 23. Qh4 1-0

[Event "Porto Mannu Open 2009"]
[Site "Palau"]
[Date "2009.05.19"]
[Round "4.21"]
[White "Sala, Sergio"]
[Black "Sbarra, Marco"]
[Result "1/2-1/2"]
[WhiteElo "1932"]
[BlackElo "2232"]
[PlyCount "133"]
[EventDate "2009.05.16"]
[EventCountry "ITA"]

1. e4 e5 2. Nf3 Nc6 3. Bc4 Nf6 4. d3 Be7 5. O-O O-O 6. Re1 d6 7. c3 Na5 8. Bb5
a6 9. Ba4 b5 10. Bc2 c5 11. Nbd2 Nc6 12. Nf1 h6 13. Ng3 Qc7 14. Qe2 Re8 15. Bd2
Bf8 16. Nh4 Bg4 17. f3 Be6 18. Nhf5 d5 19. Rf1 Rad8 20. Rad1 Kh7 21. f4 dxe4
22. fxe5 Nxe5 23. Bf4 Bxf5 24. Bxe5 Rxe5 25. Rxf5 Rxf5 26. Nxf5 g6 27. Ng3 exd3
28. Bxd3 c4 29. Bc2 Rxd1+ 30. Bxd1 Nd5 31. Bc2 Bc5+ 32. Kh1 Ne3 33. Be4 Bb6 34.
Nf1 Nf5 35. Nd2 Qf4 36. Bxf5 Qxf5 37. a3 Kg7 38. Nf3 Qb1+ 39. Ne1 Qf5 40. g3
Qd5+ 41. Ng2 h5 42. h3 Qc5 43. Qe1 Qf2 44. Qe5+ Kh7 45. Qe1 Qxe1+ 46. Nxe1 Be3
47. Nc2 Bc1 48. Nb4 Bxb2 49. Nxa6 Bxa3 50. Nc7 b4 51. Nb5 Bc1 52. cxb4 Bd2 53.
Na3 c3 54. b5 Be3 55. Kg2 Bc5 56. Nc2 f5 57. g4 fxg4 58. hxg4 h4 59. g5 Be7 60.
b6 Bd6 61. Kh3 Bg3 62. b7 Kg7 63. Nd4 Bb8 64. Kxh4 Kf7 65. Kg4 Ke8 66. Kf3 Kd7
67. Ke2 1/2-1/2

[Event "Porto Mannu Open 2009"]
[Site "Palau"]
[Date "2009.05.19"]
[Round "4.23"]
[White "Bianchi, Maurizio"]
[Black "Dewenter, Ulf"]
[Result "0-1"]
[WhiteElo "1832"]
[BlackElo "2181"]
[PlyCount "48"]
[EventDate "2009.05.16"]
[EventCountry "ITA"]

1. e4 e6 2. d4 d5 3. e5 c5 4. c3 Nc6 5. Nf3 Nh6 6. Bd3 cxd4 7. cxd4 Nf5 8. Bxf5
exf5 9. O-O Be7 10. Nc3 Be6 11. a3 O-O 12. b4 Rc8 13. Bb2 Qd7 14. Qd2 Kh8 15.
Rac1 Rg8 16. Ne2 b6 17. Rc2 g5 18. g3 f4 19. Kh1 Bf5 20. Ne1 Bxc2 21. Nxc2 Qh3
22. Rg1 f3 23. Nc3 Rg6 24. Ne3 Qxh2+ 0-1

[Event "Porto Mannu Open 2009"]
[Site "Palau"]
[Date "2009.05.19"]
[Round "4.24"]
[White "Del Nevo, Claudio"]
[Black "Schaefer, Michael"]
[Result "0-1"]
[WhiteElo "1894"]
[BlackElo "2172"]
[PlyCount "32"]
[EventDate "2009.05.16"]
[EventCountry "ITA"]

1. d4 d5 2. Nf3 Nf6 3. Bg5 Ne4 4. Bf4 c5 5. Bxb8 Rxb8 6. c3 Qb6 7. Qc2 Bf5 8.
Qa4+ Bd7 9. Qc2 cxd4 10. Nxd4 e5 11. f3 Nxc3 12. Nd2 exd4 13. bxc3 Rc8 14. c4
Bb4 15. Rb1 Bxd2+ 16. Kxd2 Qa5+ 0-1

[Event "Porto Mannu Open 2009"]
[Site "Palau"]
[Date "2009.05.19"]
[Round "4.25"]
[White "Matzat, Andre"]
[Black "Byron, Alan"]
[Result "0-1"]
[WhiteElo "2041"]
[BlackElo "2168"]
[PlyCount "114"]
[EventDate "2009.05.16"]
[EventCountry "ITA"]

1. Nf3 g6 2. c4 Bg7 3. e4 c5 4. d4 cxd4 5. Nxd4 Nc6 6. Be3 Nf6 7. Nc3 d6 8. Be2
O-O 9. O-O Bd7 10. Qd2 a6 11. f3 Rc8 12. Rfd1 Re8 13. b3 Bh8 14. Rac1 Qa5 15.
Bf1 Bg7 16. Nxc6 Bxc6 17. Ne2 Qxd2 18. Rxd2 Nd7 19. b4 Ne5 20. h3 h6 21. Nf4 g5
22. Nh5 Bf8 23. Rdc2 Ba4 24. Rc3 Bd7 25. c5 dxc5 26. Rxc5 Rxc5 27. Rxc5 Nc6 28.
a3 b5 29. e5 Rc8 30. Bd3 Nd8 31. Be4 Rxc5 32. Bxc5 Nc6 33. Bxc6 Bxc6 34. Kf2
Bd5 35. Ke3 Bc4 36. f4 Bf1 37. Kf2 Bd3 38. Kf3 Bc2 39. Ke3 Bd1 40. Ng3 Bc2 41.
Ne4 gxf4+ 42. Kxf4 Kh7 43. Bb6 h5 44. Nc5 Bh6+ 45. Kf3 Bc1 46. Nxa6 Bxa3 47.
Bc5 e6 48. Nc7 Bd3 49. Ne8 Kg6 50. g3 Bb2 51. Bd6 Bf1 52. Nc7 Bc3 53. Kf2 Bc4
54. Kf3 Be1 55. h4 Kf5 56. Kg2 Kg4 57. Ne8 Bd5+ 0-1

[Event "Porto Mannu Open 2009"]
[Site "Palau"]
[Date "2009.05.19"]
[Round "4.60"]
[White "Anfuso, Luigi"]
[Black "Ferrario, Enrico"]
[Result "0-1"]
[WhiteElo "1796"]
[BlackElo "1901"]
[PlyCount "22"]
[EventDate "2009.05.16"]
[EventCountry "ITA"]

1. d4 Nc6 2. c4 e5 3. d5 Nce7 4. Nc3 Ng6 5. e4 Bc5 6. Nf3 Nf6 7. Be2 a5 8. Bd2
d6 9. h3 Bd7 10. Qc2 O-O 11. O-O-O Bxf2 0-1

[Event "Porto Mannu Open 2009"]
[Site "Palau"]
[Date "2009.05.19"]
[Round "5.20"]
[White "Albrecht, Rainer"]
[Black "Piscopo, Pierluigi"]
[Result "0-1"]
[WhiteElo "2169"]
[BlackElo "2405"]
[PlyCount "92"]
[EventDate "2009.05.16"]

1. d4 Nf6 2. c4 g6 3. Nc3 Bg7 4. e4 d6 5. Nge2 Nbd7 6. Ng3 e5 7. d5 h5 8. Be2
h4 9. Nf1 Nc5 10. Bg5 Qd7 11. Qc2 Nh5 12. O-O-O Nf4 13. Bf3 a5 14. g3 Nh3 15.
Be3 Qd8 16. Qd2 a4 17. Kb1 a3 18. b3 Nd7 19. Bg4 Nf6 20. Bxc8 Qxc8 21. f3 Nh7
22. c5 f5 23. cxd6 cxd6 24. Nb5 Qd7 25. Qb4 O-O 26. Rc1 fxe4 27. Rc7 Qf5 28.
Qxe4 Nf6 29. Qxf5 gxf5 30. Nxd6 Nxd5 31. Rxb7 Nc3+ 32. Kc2 Nxa2 33. Nd2 Ra6 34.
Ra1 Rxd6 35. Rxa2 Rc8+ 36. Nc4 f4 37. gxf4 exf4 38. Bc1 Rg6 39. Rxa3 Rg2+ 40.
Kb1 Rxh2 41. Ra6 Rg2 42. Nd6 Rf8 43. Ne4 Ng1 44. Ra5 h3 45. Rh5 h2 46. Ba3 Ra8
0-1

[Event "Porto Mannu Open 2009"]
[Site "Palau"]
[Date "2009.05.19"]
[Round "5.65"]
[White "Bonino, Silvano"]
[Black "Russo, Carmelo"]
[Result "0-1"]
[WhiteElo "1428"]
[BlackElo "1713"]
[PlyCount "86"]
[EventDate "2009.05.16"]

1. d4 Nf6 2. Bf4 d5 3. e3 Bg4 4. Be2 Bf5 5. Bd3 Bg4 6. Be2 h5 7. h3 Bd7 8. Nd2
e6 9. Ngf3 Bb4 10. c3 Be7 11. Ne5 g6 12. Ndf3 Ne4 13. Nxd7 Nxd7 14. Ne5 Nxe5
15. dxe5 c6 16. Rb1 Qa5 17. a3 Bxa3 18. Ra1 Nxc3 19. bxc3 Qxc3+ 20. Kf1 Bb2 21.
Rb1 a5 22. Qd3 b5 23. Qxc3 Bxc3 24. Rc1 b4 25. f3 a4 26. Kf2 Kd7 27. Bd3 Rhb8
28. Rxc3 bxc3 29. e4 Rb2+ 30. Kg3 a3 31. Ra1 d4 32. Bc1 Kc7 33. Bxb2 cxb2 34.
Ra2 Kb6 35. Kf2 Kc5 36. Ke2 Kb4 37. Bc2 Kc3 38. Kd1 d3 39. Bb1 c5 40. g4 c4 41.
f4 Kd4 42. f5 c3 43. gxh5 gxh5 0-1